Cinco semanas en globo
Guardat en:
| Autor principal: | |
|---|---|
| Format: | Llibre |
| Idioma: | espanyol |
| Publicat: |
Santiago
Colicheuque
1992
|
| Col·lecció: | Biblioteca básica universal
|
| Matèries: | |
| Etiquetes: |
Afegir etiqueta
Sense etiquetes, Sigues el primer a etiquetar aquest registre!
|
MARC
| LEADER | 00000nam a2200000 a 4500 | ||
|---|---|---|---|
| 001 | UCX6819 | ||
| 003 | CL-VaPUC | ||
| 008 | 930818e19920000CL |||||||||||||||||spa|d | ||
| 082 | 0 | 4 | |a 843 |b VER |2 21 |
| 100 | 0 | |a Verne, Julio |e author |9 323464 | |
| 245 | 1 | 0 | |a Cinco semanas en globo |
| 300 | |a 80 p | ||
| 942 | |c BK | ||
| 945 | |d 19930818 00:00:00 | ||
| 260 | |a Santiago |b Colicheuque |c 1992 | ||
| 650 | 0 | |a Novela francesa |9 264985 | |
| 583 | |a last modification |c 19930818 00:00:00 |k Rodrigo Vera | ||
| 490 | 0 | |a Biblioteca básica universal | |
| 999 | |c 226772 |d 226770 | ||
| 952 | |0 0 |1 0 |4 0 |6 843_000000000000000_VER_1992 |7 0 |8 A |9 225371 |a BIBEDU |b BIBEDU |d 2019-11-15 |i 294068K |o 843 VER 1992 |p 294068K |r 2019-11-15 |w 2019-11-15 |y BK |k LIT | ||
| 952 | |0 0 |1 0 |4 0 |6 843_000000000000000_VER_1992 |7 0 |8 A |9 225372 |a BIBEDU |b BIBEDU |d 2019-11-15 |i 2940698 |o 843 VER 1992 |p 2940698 |r 2019-11-15 |w 2019-11-15 |y BK |k LIT | ||